Sustainable development as priority for business

Podnikanie a ciele trvalo udržateľného rozvoja. Prehľad klasických a novších modelov riadenia podnikov, ktoré sú užitočné pre pochopenie výzvy v oblasti trvalo udržateľného rozvoja. Zosúladenie podnikateľských polarít.

Gespeichert in:
Bibliographische Detailangaben
1. Verfasser: Tarišková, Natália, 1973-
Weitere Verfasser: Skorková, Zuzana, 1979-
Format: Buchkapitel
Sprache:Englisch
Schlagworte:
Tags: Tag hinzufügen
Keine Tags, Fügen Sie das erste Tag hinzu!

MARC

LEADER 00000nla a2200000 4500
001 0238794
005 20240502083639.3
041 0 |a eng 
044 |a CZ 
245 1 0 |a Sustainable development as priority for business  |c Natália Tarišková, Zuzana Skorková 
520 |a Podnikanie a ciele trvalo udržateľného rozvoja. Prehľad klasických a novších modelov riadenia podnikov, ktoré sú užitočné pre pochopenie výzvy v oblasti trvalo udržateľného rozvoja. Zosúladenie podnikateľských polarít. 
610 2 0 |a podnikanie 
610 2 0 |a podnikanie zodpovedné 
610 2 0 |a riadenie 
610 2 0 |a riadenie podnikové 
610 2 0 |a manažment 
610 2 0 |a modely podnikateľské 
610 2 0 |a modely riadenia 
610 2 0 |a rozvoj trvalo udržateľný 
100 1 |a Tarišková, Natália, 1973- 
700 1 |a Skorková, Zuzana, 1979-